[Event "Bagneux"]
[Site "Bagneux"]
[Date "1998.??.??"]
[Round "5"]
[White "Gyorkos, Lajos"]
[Black "Eusebe, Aurelien"]
[Result "1-0"]
[WhiteElo "2435"]
[BlackElo "2170"]

1.Nf3 d5 2.c4 e6 3.g3 Nf6 4.Bg2 Be7 5.O-O O-O 6.d4 dxc4 7.Qc2 a6 8.Qxc4 b5
9.Qc2 Bb7 10.Bf4 Nc6 11.Rd1 Nb4 12.Qc1 Nbd5 13.Nbd2 Nxf4 14.gxf4 Bd6 15.Nb3 Qe7
16.e3 Nd7 17.Na5 Be4 18.Ne1 Bxg2 19.Nxg2 f5 20.Nc6 Qe8 21.Rd2 Nf6 22.f3 Qh5
23.Ne1 Nd5 24.Rg2 Rac8 25.Qd2 Rf6 26.Qf2 Rg6 27.Rxg6 Qxg6+ 28.Kh1 Kh8 29.Nd3 Qe8
30.Rc1 Qh5 31.Rg1 h6 32.Nce5 Kh7 33.e4 Nf6 34.Qg2 Rg8 35.Ng6 Ng4 36.fxg4 Qxg6
37.gxf5 Qxg2+ 38.Kxg2 exf5 39.e5 Be7 40.Kf3 Rd8 41.Ke3 g5 42.Rc1  1-0

[Event "Regionalliga SW9798"]
[Site "Bayern"]
[Date "1998.??.??"]
[Round "?"]
[White "Santl, Anton"]
[Black "Kampen, Hans"]
[Result "0-1"]
[WhiteElo "2115"]
[BlackElo "1970"]

1.Nf3 d5 2.c4 c6 3.g3 Bf5 4.Bg2 e6 5.O-O h6 6.cxd5 exd5 7.Qb3 Qb6 8.Qxb6 axb6
9.d3 Nf6 10.Nc3 b5 11.e4 dxe4 12.dxe4 Be6 13.Bf4 Nbd7 14.a3 Bc5 15.b4 Be7
16.Nd4 Bc4 17.Rfd1 g6 18.h3 Nb6 19.g4 Kf8 20.Be5 Rg8 21.f4 Nfd7 22.Bc7 Rc8
23.Bxb6 Nxb6 24.e5 Kg7 25.f5 Bg5 26.Ne4 Be3+ 27.Kh1 Bxd4 28.f6+ Kh8 29.Rxd4 Rc7
30.Nc5 Re8 31.Re1 Be6 32.Bf1 Bd5+ 33.Kh2 Nc4 34.Bxc4 bxc4 35.Re3 b5 36.h4 g5
37.h5 Kh7 38.Kg3 Ra7 39.Kf2 c3 40.Rxc3 Rxe5 41.Nd3 Re6 42.Kg3 Rxf6 43.Ne1 Rf1
44.Re3 f5 45.gxf5 Rxf5 46.Nd3 Raf7 47.Re8 Rf3+ 48.Kg4 Rf1 49.Ne5 Ra7 50.Rd3 Rg1+
51.Kh3 Rh1+ 52.Kg3 Rxh5 53.Rc3 Rh1 54.Nxc6 Rg1+ 55.Kf2 Rg2+ 56.Ke1 Rc7 57.Re7+ Rxe7+
58.Nxe7 Bc4 59.Nc8 Re2+ 60.Kd1 Re6 61.Kd2 Ra6 62.Ke3 Rc6  0-1

[Event "Landesliga Nord9798"]
[Site "Bayern"]
[Date "1998.??.??"]
[Round "?"]
[White "Vodicka, Vlastimil"]
[Black "Eiber, Manfred"]
[Result "1-0"]
[WhiteElo "2215"]
[BlackElo "2205"]

1.Nf3 d5 2.c4 e6 3.d4 Nf6 4.Nc3 Be7 5.Bg5 O-O 6.e3 b6 7.cxd5 exd5 8.Rc1 Bb7
9.Qb3 c6 10.Be2 Nbd7 11.O-O Ne4 12.Bxe7 Qxe7 13.Nxe4 dxe4 14.Nd2 Kh8 15.Rfd1 Rae8
16.Qa4 a6 17.Qb3 b5 18.a4 Nb6 19.axb5 cxb5 20.Rc5 Rc8 21.Re5 Qd7 22.Qa3 Rfe8
23.Rxe8+ Qxe8 24.Nb3 Rc2 25.Bf1 h6 26.Rc1 Rxc1 27.Nxc1 Qc8 28.Nb3 Nc4 29.Qa1 Bd5
30.Nc5 Nd2 31.Qxa6 Qg4 32.Qa1 Nf3+ 33.Kh1 Qh4 34.gxf3 Qxf2 35.fxe4 Bc4 36.Bxc4 Qf3+
37.Kg1 Qxe3+ 38.Kg2 Qxd4 39.Bxf7 Kh7 40.Qf1 Qxc5 41.Qf5+ Qxf5 42.exf5  1-0

[Event "Regionalliga NW9798"]
[Site "Bayern"]
[Date "1998.??.??"]
[Round "?"]
[White "Dahlheimer, Bernd"]
[Black "Neubauer, Jaroslaus"]
[Result "1/2-1/2"]
[WhiteElo "2010"]
[BlackElo "1955"]

1.Nf3 d5 2.c4 c6 3.d4 Nf6 4.Nc3 e6 5.Bg5 dxc4 6.e4 b5 7.e5 h6 8.Bh4 g5 9.Nxg5 hxg5
10.Bxg5 Be7 11.exf6 Bxf6 12.Bxf6 Qxf6 13.g3 Bb7 14.Bg2 Na6 15.Ne4 Qe7 16.O-O O-O-O
17.a4 f5 18.axb5 cxb5 19.Rxa6 Bxa6 20.Nc5 Qxc5 21.dxc5 Rxd1 22.Rxd1 Kc7 23.Ra1 Bc8
24.Rxa7+ Kb8 25.Ra5 Rd8 26.Rxb5+ Kc7 27.f4 Rd1+ 28.Kf2 Rd2+  1/2-1/2

[Event "Regionalliga NW9798"]
[Site "Bayern"]
[Date "1998.??.??"]
[Round "?"]
[White "Jacob, Karl Heinz"]
[Black "Lang, James"]
[Result "1/2-1/2"]
[WhiteElo "1765"]
[BlackElo "2070"]

1.Nf3 d5 2.c4 c6 3.b3 Nf6 4.Bb2 Bf5 5.g3 e6 6.Bg2 Nbd7 7.O-O Bd6 8.d3 O-O
9.Nbd2 e5 10.cxd5 cxd5 11.Rc1 Qe7 12.Nh4 Be6 13.e4 dxe4 14.dxe4 g6 15.Nc4 Bxc4
16.Rxc4 Rfc8 17.Rxc8+ Rxc8 18.Qd2 Bb4 19.Qg5 Ne8 20.Qxe7 Bxe7 21.Bh3 Nef6
22.Bxe5 Rc2 23.Bd4 Nc5 24.e5 Nfe4 25.Bg2 Nd2 26.Ra1 b6 27.Nf3 Nde4 28.Ne1 Rd2
29.Be3 Rb2 30.Bd4  1/2-1/2

[Event "Regionalliga NW9798"]
[Site "Bayern"]
[Date "1998.??.??"]
[Round "?"]
[White "Karl, Winfried"]
[Black "Gutzeit, Kurt"]
[Result "1/2-1/2"]
[WhiteElo "1910"]
[BlackElo "2050"]

1.Nf3 d5 2.c4 Nf6 3.cxd5 Nxd5 4.g3 g6 5.Bg2 Bg7 6.O-O O-O 7.Nc3 c6 8.e4 Nf6
9.d4 Qa5 10.Qc2 Qh5 11.Ne2 Qg4 12.Nf4 Qd7 13.Rd1 Qd8 14.h3 h6 15.Ne2 Na6
16.a3 Nc7 17.Nh4 a5 18.Be3 Bd7 19.Rac1 g5 20.Nf5 Bxf5 21.exf5 Ncd5 22.g4 Qd6
23.Nc3 Nxe3 24.fxe3 Qg3 25.Qf2 Qxf2+ 26.Kxf2 Nd7 27.Na4 e6 28.Nc5 Nxc5 29.Rxc5 Rfd8
30.Ke2 Bf8 31.Rc2 Rd6 32.Rd3 exf5 33.gxf5 Rd7  1/2-1/2

[Event "Regionalliga NW9798"]
[Site "Bayern"]
[Date "1998.??.??"]
[Round "?"]
[White "Zentgraf, Alexander"]
[Black "Herdin, Hans Ulrich"]
[Result "1/2-1/2"]
[WhiteElo "1665"]
[BlackElo "2060"]

1.Nf3 d5 2.c4 e6 3.b3 Nf6 4.Bb2 c5 5.g3 Nc6 6.Bg2 Be7 7.O-O O-O 8.d4 Qb6
9.cxd5 Nxd5 10.dxc5 Qxc5 11.Nbd2 Rd8 12.Qc1 Bd7 13.Qxc5 Bxc5 14.Ne4 Bb4 15.a3 Be7
16.b4 Rac8 17.Rac1 Be8 18.Rfd1 Nb8 19.Bd4 b6 20.Bb2 Na6 21.Nd4 Ba4 22.Rxc8 Rxc8
23.Rc1 Rxc1+ 24.Bxc1 Nac7 25.Bb2 Bd7 26.e3 e5 27.Ne2 f6 28.N4c3 Nxc3 29.Nxc3 Kf7
30.Kf1 Be6 31.Ke1 Bc4 32.Bf1 Bxf1 33.Kxf1 Ke6 34.e4 h5 35.f3 a5 36.b5 Bc5
37.Ke2 Kd6 38.a4 Bb4 39.Kd3 Ne6 40.Kc4 Nc5 41.Nd5 Nxa4 42.Bc1 Nc5 43.Nxb6 Nb7
44.Be3 Ke6 45.Kb3 Nd6 46.Ka4 f5 47.Nd5 fxe4 48.Nxb4 axb4 49.fxe4 b3 50.Kxb3 Nxb5
51.Kc4 Nd6+ 52.Kd3 Ne8 53.Bc5 Nf6 54.h3 Nh7 55.Ke3 Ng5 56.h4 Nh7 57.Kf3 Nf6
58.Bf8 g6 59.Ba3 Kd7 60.Bb2 Kd6 61.Ba1 Nd7 62.Bb2 Nb6 63.g4 Nc8 64.g5 Na7
65.Ke3 Nc6 66.Ba3+ Kc7 67.Bc5 Nd8 68.Ba3 Kb6  1/2-1/2

[Event "Regionalliga SW9798"]
[Site "Bayern"]
[Date "1998.??.??"]
[Round "?"]
[White "Santl, Anton"]
[Black "Englert, Berthold Georg"]
[Result "0-1"]
[WhiteElo "2115"]
[BlackElo "1990"]

1.Nf3 d5 2.c4 c6 3.g3 Nf6 4.Bg2 e6 5.b3 Bd6 6.Bb2 O-O 7.O-O Qe7 8.d3 e5 9.Nbd2 Bf5
10.e4 dxe4 11.Nh4 Bg4 12.f3 exf3 13.Ndxf3 Nbd7 14.Qc2 Rfe8 15.Rae1 Bc5+ 16.d4 exd4
17.Bxd4 Bxd4+ 18.Nxd4 Qxe1 19.Rxe1 Rxe1+ 20.Kf2 Rae8 21.h3 c5 22.Ndf3 R1e2+
23.Qxe2 Rxe2+ 24.Kxe2 Bxf3+ 25.Bxf3 b6 26.g4 Ne5 27.Bb7 h5 28.gxh5 Nxh5 29.Ke3 g6
30.Ke4 f6 31.Ng2 Kf7 32.h4 Ke6 33.Bd5+ Kd6 34.Ke3 Ng3 35.Kd2 Nf5 36.Kc3 Nd4
37.Nf4 g5 38.hxg5 fxg5 39.Ng2 Ng6 40.Kd3 Ke5 41.Ke3 Nf4 42.Nxf4 gxf4+ 43.Kd3 b5
44.Bb7 b4 45.Bd5 Nf5 46.Bf3 Ne3 47.Bh5 Kf5 48.Bf3 Ng4 49.Be4+ Ke5 50.Bg2 Nf2+
51.Ke2 Ne4 52.Kd3 Nc3 53.a3 a5 54.axb4 axb4 55.Bf3 Kf6 56.Kd2 Kf5 57.Bc6 Kg4
58.Ke1 Kg3 59.Be8 f3  0-1

[Event "Regionalliga SW9798"]
[Site "Bayern"]
[Date "1998.??.??"]
[Round "?"]
[White "Mueller, Marcus2"]
[Black "Wiest, Leonhard"]
[Result "1-0"]
[WhiteElo "2120"]
[BlackElo "2070"]

1.Nf3 d5 2.c4 c6 3.d4 Nf6 4.cxd5 cxd5 5.Nc3 e6 6.Bf4 Bd6 7.Bg3 Bxg3 8.hxg3 Nc6
9.e3 Qd6 10.Bd3 a6 11.Rc1 Bd7 12.a3 e5 13.dxe5 Nxe5 14.Nxe5 Qxe5 15.Rh4 Bc6
16.Kf1 Rd8 17.Rd4 h5 18.Kg1 g5 19.Qf3 Kf8 20.Qf5 Qxf5 21.Bxf5 Kg7 22.Rcd1 Rde8
23.Bb1 h4 24.gxh4 gxh4 25.Ba2 h3 26.Bxd5 Nxd5 27.Nxd5 hxg2 28.Kxg2 Re5 29.Rg4+ Kf8
30.e4 f5 31.Rf4 Rh5 32.f3 Rg5+ 33.Kf2 Kg7 34.Nc3 fxe4 35.Nxe4 Rg6 36.Nd6 Rh5
37.Ke3 Rh3 38.Ne4 Rh2 39.Rd2 Rh8 40.Rc2 Rd8 41.Rc5 Re8 42.Rcf5 Re7 43.Kd4 Rd7+
44.Kc3 Bb5 45.Nc5 Rc7 46.Kd4 b6 47.Ne4 Rd7+ 48.Rd5 Rf7 49.Rxf7+ Kxf7 50.Nd6+ Ke7
51.Nxb5 axb5 52.Rxb5 Kd7 53.f4 Kc6 54.a4  1-0

[Event "Landesliga Nord 9899"]
[Site "Bayern"]
[Date "1998.??.??"]
[Round "?"]
[White "Fischer, Franz"]
[Black "Braginskij, Alexej"]
[Result "0-1"]
[WhiteElo "2015"]
[BlackElo "1920"]

1.Nf3 d5 2.c4 d4 3.g3 g6 4.Bg2 Bg7 5.d3 Nf6 6.b4 O-O 7.Bb2 Ne8 8.Nbd2 e5
9.O-O c6 10.Qc2 Nd7 11.c5 Nc7 12.Nc4 Nd5 13.a3 Qe7 14.Nfd2 b6 15.cxb6 axb6
16.e4 Nc7 17.Rfc1 Bb7 18.Qb3 Bh6 19.Rc2 Rfb8 20.a4 c5 21.b5 Bc8 22.Bh3 Qf6
23.Ba3 Ne6 24.Rf1 Ndf8 25.Kg2 Nf4+ 26.gxf4 Bxh3+ 27.Kxh3 Ne6 28.Nf3 Nxf4+
29.Kg3 Qe6 30.Ng1 Bg5 31.Nd2 Qf6 32.Ndf3 h5 33.h4 Bxh4+ 34.Kh2 g5 35.Nxh4 gxh4
36.Bc1 Kh7 37.Ne2 Rg8 38.Nxf4 exf4 39.f3 Rg5 40.Rg2 Rxg2+ 41.Kxg2 Rg8+ 42.Kh2 Qg6  0-1

[Event "Besancon op"]
[Site "Besancon"]
[Date "1998.??.??"]
[Round "?"]
[White "Foisor, Cristina Adela B"]
[Black "Pichelin, Pascal"]
[Result "1-0"]
[WhiteElo "2410"]
[BlackElo "2055"]

1.Nf3 d5 2.c4 c6 3.e3 e6 4.Nc3 f5 5.d4 Nf6 6.Qc2 Nbd7 7.cxd5 cxd5 8.Nb5 Bb4+
9.Bd2 Bxd2+ 10.Nxd2 O-O 11.Nc7 Nb6 12.Nxa8 Nxa8 13.Bd3 Bd7 14.O-O Nc7 15.Rfc1 Nce8
16.Nf3 Nd6 17.Qc5 Nfe4 18.Qxa7 g5 19.Rc2 g4 20.Ne5 Bc8 21.Rac1 Qg5 22.Bxe4 fxe4
23.Qb8  1-0

[Event "Besancon op"]
[Site "Besancon"]
[Date "1998.??.??"]
[Round "?"]
[White "Foisor, Cristina Adela B"]
[Black "Sermier, Alain"]
[Result "1-0"]
[WhiteElo "2405"]
[BlackElo "2175"]

1.Nf3 d5 2.c4 e6 3.g3 c6 4.Bg2 Nf6 5.b3 Be7 6.O-O O-O 7.d4 Ne4 8.Qc2 f5 9.Ne5 Nd7
10.Nd3 Bf6 11.Bb2 Nb6 12.c5 Nd7 13.f3 Ng5 14.Nd2 Re8 15.e4 Nf8 16.Ne5 g6
17.b4 Bd7 18.Bc3 Qc7 19.Rae1 Bg7 20.Re2 Nf7 21.Qb2 a6 22.Nb3 Bh6 23.Bd2 Bxd2
24.Rxd2 Rad8 25.Nc1 Nxe5 26.dxe5 Bc8 27.exf5 exf5 28.f4 Ne6 29.Ne2 Kf7 30.Nd4 Nxd4
31.Qxd4 Be6 32.Rb1 Ra8 33.Bf1 Ra7 34.a4 Rea8 35.h3 Kg7 36.Be2 Qe7 37.Rb3 Kh8
38.Bd1 Qg7 39.Rdb2 Qh6 40.Kg2 g5 41.fxg5 Qxg5 42.Qf4 Qxf4 43.gxf4 Rd8 44.Ra3 Raa8
45.Kf2 Rd7 46.Rd2 Rg8 47.Rg3 d4 48.Rxg8+ Kxg8 49.Bc2 Kg7 50.Rd3 Kh6 51.Rg3 Rg7
52.Rd3 Rd7 53.Rd1 Kh5 54.Bd3 Kh6 55.Rc1 Rd8 56.Rg1 Rd7 57.Rg5 Rg7 58.h4 Rxg5
59.fxg5+ Kg6 60.Kg3 h6 61.gxh6 Kxh6 62.Kf4 Kh5 63.Bxf5 Bxf5 64.Kxf5 d3 65.e6 d2
66.e7 d1=Q 67.e8=Q+ Kxh4 68.Qe7+ Kg3  1-0

[Event "Biel op"]
[Site "Biel"]
[Date "1998.??.??"]
[Round "7"]
[White "Gheorghiu, Florin"]
[Black "Ciric, Dragoljub M"]
[Result "1/2-1/2"]
[WhiteElo "2455"]
[BlackElo "2350"]

1.Nf3 d5 2.c4 e6 3.g3 Nf6 4.Bg2 Be7 5.O-O O-O 6.b3 b6 7.Bb2 Bb7 8.cxd5 Nxd5
9.Nc3 c5 10.d4 Nxc3 11.Bxc3 cxd4 12.Qxd4 Qxd4 13.Nxd4 Bxg2 14.Kxg2 Rc8 15.Rac1 Nc6
16.Nxc6 Rxc6 17.Bb2 Rac8 18.Rxc6 Rxc6 19.Rc1  1/2-1/2

[Event "Bled op"]
[Site "Bled"]
[Date "1998.??.??"]
[Round "5"]
[White "Kogan, Artur"]
[Black "Nikolov, Sasho"]
[Result "1/2-1/2"]
[WhiteElo "2505"]
[BlackElo "2415"]

1.Nf3 d5 2.c4 e6 3.d4 c6 4.Nc3 dxc4 5.e3 b5 6.a4 Bb4 7.Bd2 Bb7 8.axb5 Bxc3
9.Bxc3 cxb5 10.b3 a5 11.bxc4 b4 12.Bb2 Nf6 13.Bd3 O-O 14.O-O Nbd7 15.Re1 Re8
16.c5 Bc6 17.e4 a4 18.Bc2 Qc7 19.e5 b3 20.Bb1 Bxf3 21.Qxf3 Nd5 22.Be4 Qc6
23.g4 f6 24.exf6 N7xf6 25.Bd3 Nd7 26.g5 Nf8 27.h4 Ra7 28.h5 Rf7 29.Qg2 Rf4
30.Bc4 Rd8 31.Re5 Ne7 32.h6 Rdxd4 33.Bxe6+ Nxe6 34.Qxc6 Nxc6 35.Rxe6 gxh6
36.Rxc6 Rd2 37.Rc8+ Kf7 38.Rc7+ Kg6 39.Rg7+ Kh5 40.Be5 b2 41.Bxb2 Rxb2 42.gxh6 Kxh6
43.Rg8 Rbxf2 44.Rxa4  1/2-1/2

[Event "Bled op"]
[Site "Bled"]
[Date "1998.??.??"]
[Round "6"]
[White "Kostanjsek, Zorko"]
[Black "Alexander, Paco"]
[Result "1-0"]
[WhiteElo "2225"]
[BlackElo "2180"]

1.Nf3 d5 2.c4 e6 3.g3 Nf6 4.Bg2 a6 5.b3 c5 6.O-O Nc6 7.e3 Be7 8.Bb2 O-O 9.d4 Ne4
10.cxd5 exd5 11.dxc5 Bg4 12.h3 Bh5 13.b4 Bf6 14.Qb3 a5 15.g4 Bg6 16.b5 Nb4
17.Bd4 Nxc5 18.Bxc5 Bxa1 19.Bxf8 Kxf8 20.Nd4 Bd3 21.a3 Bc4 22.Qd1 Nd3 23.Qd2 Rc8
24.Re1 Qf6 25.Bf1 Ne5  1-0

[Event "Bucharest Cup GM"]
[Site "Bucharest"]
[Date "1998.??.??"]
[Round "?"]
[White "Vajda, Albert"]
[Black "Benkovic, Petar"]
[Result "1/2-1/2"]
[WhiteElo "2350"]
[BlackElo "2310"]

1.Nf3 d5 2.c4 e6 3.g3 Nf6 4.Bg2 c6 5.b3 Be7 6.O-O O-O 7.d4 Nbd7 8.Qc2 b6
9.Rd1 Bb7 10.Nc3 Rc8 11.e4 dxe4 12.Nxe4 c5 13.Nxf6+ Bxf6 14.Ng5 Bxg5 15.Bxb7 Rc7
16.Be4 f5 17.Bg2 cxd4 18.Bxg5 Qxg5 19.Rxd4 e5 20.Rd5 Qe7 21.Re1 g6 22.Qb2 Re8
23.g4 fxg4 24.Qc3 Rc5 25.Rxc5 Qxc5 26.Bd5+ Kg7 27.b4 Qd6 28.b5 Nf6 29.Bc6 Re7
30.a4 h5 31.a5 Qc5 32.Rc1 Nh7 33.axb6 axb6 34.Qe3 Qxe3 35.fxe3 Nf8 36.Ra1 Kf7
37.Bd5+ Kf6 38.c5 bxc5 39.b6 Nd7 40.b7 Nb8 41.e4 Rd7 42.Ra5 Ke7 43.Rxc5 Rd6
44.Rc8 Rd8 45.Kg2 h4 46.Kf2 Rf8+ 47.Kg2 Rd8 48.Rc7+ Rd7 49.Rc1 Rd6 50.Rc2 Rb6
51.h3 g3 52.Kf3 Rf6+ 53.Kg4 Rf4+ 54.Kg5 Rf2 55.Rc1 g2 56.Rg1 Nd7 57.Kxh4 Rb2
58.Kg3 Nf6 59.Rxg2 Rb6 60.Kh4 Nxd5 61.exd5 Rxb7 62.Rxg6 Kf7 63.Re6 Re7 64.Rh6 Rd7
65.d6 Kg7 66.Kg5 e4 67.Rg6+ Kf7 68.Kf5 e3 69.Rf6+ Kg7 70.Re6 e2 71.Rxe2  1/2-1/2

[Event "ARG-ch sf"]
[Site "Buenos Aires"]
[Date "1998.??.??"]
[Round "6"]
[White "Soppe, Guillermo"]
[Black "Reides, Marcelo"]
[Result "1-0"]
[WhiteElo "2455"]
[BlackElo "2315"]

1.Nf3 d5 2.c4 e6 3.d4 c5 4.cxd5 exd5 5.Nc3 Nc6 6.Bf4 Nf6 7.e3 Be7 8.Be2 O-O
9.dxc5 Bxc5 10.O-O a6 11.Rc1 Be6 12.Ne5 Bd6 13.Nxc6 bxc6 14.Bxd6 Qxd6 15.Na4 a5
16.Qd4 Rfb8 17.b3 Rb4 18.Qc5 Qb8 19.Rfd1 Bd7 20.Qc2 g6 21.h3 Ne4 22.Bd3 Ng5
23.Nc5 Bc8 24.Qc3 Qd6 25.Be2 h6 26.a3 Rbb8 27.h4 Ne6 28.Ne4 Qxa3 29.Nf6+ Kf8
30.Qxc6 Qxb3 31.Qe8+ Kg7 32.Qg8+ Kxf6 33.Qh8+ Ng7 34.Qd8+  1-0

[Event "Calcutta"]
[Site "Calcutta"]
[Date "1998.??.??"]
[Round "11"]
[White "Murugan, Krishnamoorthy"]
[Black "Rahman, Ziaur"]
[Result "0-1"]
[WhiteElo "2410"]
[BlackElo "2485"]

1.Nf3 d5 2.c4 e6 3.d4 dxc4 4.e3 b5 5.a4 b4 6.Bxc4 Nf6 7.O-O Be7 8.Nbd2 Bb7
9.Qe2 O-O 10.e4 Nbd7 11.e5 Nd5 12.Ne4 h6 13.Bd2 Qb8 14.a5 a6 15.Rac1 Rc8
16.Bd3 c5 17.Ng3 Nf8 18.Nh5 Ng6 19.dxc5 Rxc5 20.Rxc5 Bxc5 21.Ra1 Qa7 22.Be4 Rd8
23.g3 Qa8 24.Re1 Rd7 25.Qf1 Qd8 26.Qh3 Qxa5 27.Nxg7 Bxf2+ 28.Kxf2 Qc5+ 29.Kg2 Ndf4+
30.Bxf4 Bxe4 31.Nh5 Bxf3+ 32.Kxf3 Rd3+ 33.Kg2 Qc2+ 34.Kg1 Rd1 35.Nf6+ Kf8
36.Bxh6+ Ke7 37.Rxd1 Qxd1+ 38.Qf1 Qd4+ 39.Qf2 Qd1+ 40.Kg2 Nxe5 41.Bg5 Nd3
42.Qa7+ Kd6 43.Qxa6+ Ke5 44.Qb5+ Kd4 45.Kh3 Qe2 46.Qd7+ Kc4 47.Qxf7 Kb3 48.Nh5 Nf2+  0-1

[Event "Cannes op"]
[Site "Cannes"]
[Date "1998.??.??"]
[Round "9"]
[White "Spiridonov, Nikola"]
[Black "Fontaine, Robert"]
[Result "1-0"]
[WhiteElo "2395"]
[BlackElo "2365"]

1.Nf3 d5 2.c4 c6 3.b3 Bg4 4.e3 e6 5.Bb2 Nf6 6.Be2 Bd6 7.d3 Nbd7 8.Nbd2 h6
9.O-O O-O 10.Re1 Qe7 11.a3 a5 12.cxd5 exd5 13.Nd4 Ne5 14.Bxg4 Nfxg4 15.Nf5 Qg5
16.Nxd6 Nxd3 17.Nf3 Qg6 18.Nxb7 Nxb2 19.Qd4 Nd3 20.Re2 Rfb8 21.Nc5 Nxc5 22.Qxc5 Rxb3
23.h3 Qd3 24.Qxc6 Rab8 25.Ree1 R3b6 26.Qc7 Nf6 27.Ne5 Qf5 28.Nc6 Rxc6 29.Qxb8+ Kh7
30.Qb1 Rc2 31.Re2 d4 32.Rxc2 d3 33.Rd2 Ne4 34.Qxd3  1-0

[Event "Ceske Budejovice op"]
[Site "Ceske Budejovice"]
[Date "1998.??.??"]
[Round "?"]
[White "Likavsky, Tomas"]
[Black "Voloshin, Leonid"]
[Result "0-1"]
[WhiteElo "2315"]
[BlackElo "2440"]

1.Nf3 d5 2.c4 d4 3.d3 Nc6 4.Na3 e5 5.Nc2 a5 6.g3 Nf6 7.Bg2 Bb4+ 8.Bd2 O-O
9.O-O Bxd2 10.Nxd2 Re8 11.f4 Nb4 12.f5 Nxc2 13.Qxc2 Ng4 14.Be4 Ne3 15.Qc1 Nxf1
16.Qxf1 Qg5 17.Nf3 Qe3+ 18.Qf2 Qxf2+ 19.Kxf2 g6 20.Nh4 Ra6 21.g4 Rb6 22.Rb1 a4
23.b4 axb3 24.Rxb3 Rxb3 25.axb3 c5 26.Kf3 Kg7 27.g5 f6 28.gxf6+ Kxf6 29.fxg6 hxg6
30.Nxg6 Rg8 31.Nh4 Kg5 32.Ng2 Bg4+ 33.Kf2 Rf8+ 34.Ke1 Ra8 35.Kf2 Ra2 36.Bf3 Bf5
37.h4+ Kf6 38.Ne1 b6 39.Bc6 Rb2 40.Bd5 Rxb3 41.Nf3 Rb2 42.Ke1 Bg4 43.Bc6 Bh5
44.Be4 b5 45.cxb5 Rxb5 46.Nd2 Rb8 47.Bd5 Kf5 48.Ne4 Rb2 49.Nd2 Rb8 50.Ne4 Kg4
51.Nxc5 Kf4 52.Kf2 Rb2 53.Ne6+ Kf5 54.Ng7+ Kg6 55.Bf7+ Kxf7 56.Nxh5 Rb8 57.Kf3 Ke6
58.Ng7+ Kf6 59.Nh5+ Kf5 60.Ng7+ Kg6 61.Ne6 Rb1 62.e3 Kf6 63.Ng5 Kf5 64.Ne4 Re1
65.Ng3+ Ke6 66.Ne2 Kd5 67.exd4 exd4 68.h5 Ke5 69.Kf2 Rd1 70.h6 Rh1  0-1

[Event "Chemnitz op"]
[Site "Chemnitz"]
[Date "1998.??.??"]
[Round "4"]
[White "Meduna, Eduard"]
[Black "Haba, Petr"]
[Result "0-1"]
[WhiteElo "2470"]
[BlackElo "2570"]

1.Nf3 d5 2.c4 c6 3.cxd5 cxd5 4.d4 Nf6 5.Nc3 Nc6 6.Bf4 a6 7.Rc1 Ne4 8.a3 Bf5
9.e3 f6 10.Bd3 Nxc3 11.Rxc3 Bxd3 12.Qxd3 e6 13.O-O Bd6 14.Bxd6 Qxd6 15.e4 dxe4
16.Qxe4 O-O 17.Re1 Rfe8 18.h3 Rad8 19.Rc4 Re7 20.Qc2 Qb8 21.b4 Rd5 22.Rc5 Qd6
23.Rxd5 Qxd5 24.Qc5 Kf7 25.Qc2 h6 26.Rd1 Rd7 27.Rd2 Ne7 28.Qc5 Qb3 29.Qc1 Nd5
30.Rc2 Qd3 31.Rc8 Qe4 32.Qc5 Ne7 33.Rc7 Rxc7 34.Qxc7 Qc6 35.Qf4 Kg8 36.Qb8+ Kh7
37.Qf4 Nd5 38.Qe4+ Kg8 39.h4 Nxb4 40.Qb1 Nd5 41.Qe1 Kf7 42.Qa5 Qc1+ 43.Kh2 Qc7+
44.Qxc7+ Nxc7 45.Ne1 Nd5 46.Kg3 h5 47.Kf3 a5 48.Ke4 Ke7 49.Kd3 b5 50.g3 g5
51.Nf3 g4 52.Nd2 a4 53.Ne4 b4 54.axb4 a3 55.Nd2 a2 56.Nb3 Nxb4+ 57.Kc3 Nd5+
58.Kb2 Kd6 59.Nd2 Nc3 60.f3 gxf3 61.Nxf3 Kd5 62.g4 hxg4 63.Nd2 Kd6  0-1

[Event "South America zt"]
[Site "Cordoba"]
[Date "1998.??.??"]
[Round "7"]
[White "Ricardi, Pablo"]
[Black "Cubas, Jose Fernando"]
[Result "1/2-1/2"]
[WhiteElo "2545"]
[BlackElo "2165"]

1.Nf3 d5 2.c4 e6 3.g3 Nf6 4.Bg2 Be7 5.O-O O-O 6.b3 Nbd7 7.Bb2 b6 8.cxd5 Nxd5
9.d4 Bb7 10.Nc3 c5 11.Rc1 Rc8 12.Nxd5 Bxd5 13.Ba3 c4 14.Bxe7 Qxe7 15.bxc4 Bxc4
16.Rc2 Qa3 17.Qc1 Qa6 18.Qb2 Bd5 19.Rfc1 Rxc2 20.Qxc2 h6 21.Ne1 Qxa2 22.Qxa2 Bxa2
23.Rc7 Nf6 24.Rxa7 Bc4 25.e3 Rb8 26.Nc2 Nd5 27.e4 Nc3 28.Rc7 b5 29.d5 exd5
30.exd5 Rd8 31.Nb4 Nxd5 32.Rxc4 bxc4 33.Nxd5 Rb8 34.Bf1 Rb1 35.Kg2 Rc1 36.Ne3 c3
37.Bd3 Kf8 38.Kf3 Ke7 39.Ke4 Kf6 40.Kd4 g5 41.h3 Kg7 42.Be4 Kh8 43.Kd3 Kg8
44.Ke2 Kg7 45.Bc2 h5 46.Bd1 Kf6 47.Kd3 h4 48.gxh4 gxh4 49.Nd5+ Ke5 50.Nxc3 Ra1
51.Ke3 Ra3 52.f4+ Kf6 53.Kd4 Kf5 54.Bh5 f6 55.Bg4+ Kxf4 56.Nd5+ Kg5 57.Ne3 Ra4+
58.Kd3 Kf4 59.Nd5+ Ke5 60.Ne3 Ra3+ 61.Ke2 Ke4 62.Nf5 Ra2+ 63.Kf1 Ra1+ 64.Kf2 Ra2+
65.Ke1 Ra1+  1/2-1/2

[Event "CZE-chT2 9899"]
[Site "CZE"]
[Date "1998.??.??"]
[Round "?"]
[White "Pilar, Miloslav"]
[Black "Prymula, Roman"]
[Result "1/2-1/2"]
[WhiteElo "2290"]
[BlackElo "2240"]

1.Nf3 d5 2.c4 e6 3.d4 c6 4.cxd5 exd5 5.Nc3 f5 6.Bf4 Nf6 7.e3 Bd6 8.Bxd6 Qxd6
9.Bd3 O-O 10.O-O Ne4 11.Ne5 Nd7 12.f4 Ndf6 13.Nxe4 dxe4 14.Bc4+ Be6 15.Qb3 Bxc4
16.Qxc4+ Nd5 17.a3 Rae8 18.Rac1 Re6 19.Qe2 Rh6 20.Rc5 Qe7 21.b4 a6 22.g3 g5
23.Qc4 gxf4 24.exf4 Kh8 25.Rf2 Rd6 26.a4 Nb6 27.Qa2 Rff6 28.Nc4 Nxc4 29.Qxc4 Qd7
30.Rd2 Rd5 31.Rxd5 cxd5 32.Qc5 b6 33.Qc1 Qxa4 34.Qc8+ Kg7 35.Rc2 Qa1+ 36.Kg2 Qxd4
37.Rc7+ Rf7 38.Rxf7+ Kxf7 39.Qxf5+ Ke7 40.Qxh7+ Kd6 41.Qg6+ Kc7 42.Qf7+ Kd6  1/2-1/2

[Event "CZE-ch U18"]
[Site "CZE"]
[Date "1998.??.??"]
[Round "?"]
[White "Cernousek, Lukas"]
[Black "Sysel, Jaroslav"]
[Result "1/2-1/2"]
[WhiteElo "2070"]
[BlackElo "1930"]

1.Nf3 d5 2.c4 c6 3.b3 Bf5 4.g3 Nf6 5.Bg2 g6 6.O-O Bg7 7.Bb2 O-O 8.d4 Na6
9.Ne5 Ng4 10.e4 Nxe5 11.exf5 Nd7 12.cxd5 Ndb8 13.fxg6 hxg6 14.Nc3 cxd5 15.Bxd5 Nc6
16.Bxc6 bxc6 17.Qe2 Nc7 18.Rad1 Bxd4 19.Ne4 e5 20.Qc4 Ne6 21.Qxc6 Qb6 22.Qxb6 axb6
23.Bxd4 Nxd4 24.Nf6+ Kg7 25.Nd7 Rfe8 26.a4 Nxb3 27.Nxb6 Ra6 28.Rd6 Re6 29.Rxe6 fxe6
30.Nc4 Rxa4 31.Nxe5 Ra1 32.Rxa1 Nxa1 33.Kg2 Nb3 34.Kf3 Kf6 35.Nc4 Kf5 36.Ne3+ Kf6
37.h4 Nc5 38.g4 Nd7 39.Kf4 e5+ 40.Ke4 Ke6 41.g5 Nc5+ 42.Kf3 Nd3 43.Ng4 Nc5
44.Nh6 Nd3 45.Kg3 Nf4 46.Kg4 Nd3 47.Kf3 Nf4 48.Ng4 Nd3 49.Nh6 Nc5 50.Ke3 Nd7
51.Ng4 Nc5 52.Kf3 Nd3 53.Ne3 Nc5 54.Nf1 Nd3 55.Ng3 Nf4 56.Kg4 Nd3 57.Ne4 Nf4
58.Nf6 Nd3 59.h5 gxh5+ 60.Kxh5 Nxf2 61.Kh6 e4 62.Nh5 Ng4+ 63.Kg7 Kf5  1/2-1/2

[Event "Moravia-chT 9899"]
[Site "CZE"]
[Date "1998.??.??"]
[Round "2"]
[White "Macharacek, Simon"]
[Black "Pastor, Karel"]
[Result "0-1"]
[WhiteElo "2125"]
[BlackElo "2260"]

1.Nf3 d5 2.c4 e6 3.g3 c5 4.cxd5 exd5 5.d4 Nc6 6.Bg2 Nf6 7.O-O Be7 8.Nc3 O-O
9.Bg5 cxd4 10.Nxd4 h6 11.Be3 Na5 12.Rc1 Nc4 13.Bf4 Nxb2 14.Qb3 Nc4 15.Nxd5 Nxd5
16.Qxc4 Nxf4 17.gxf4 Qd6 18.Nb5 Qg6 19.Rfd1 Be6 20.Qc2 Bf5 21.e4 Bh3 22.f3 Rac8
23.Qe2 Bxg2 24.Qxg2 Qb6+  0-1

[Event "CZE-chT2 9798"]
[Site "CZE"]
[Date "1998.??.??"]
[Round "9.7"]
[White "Fiedler, Bedrich"]
[Black "Trefny, Vlastimil"]
[Result "1/2-1/2"]
[WhiteElo "2205"]
[BlackElo "2250"]

1.Nf3 d5 2.c4 dxc4 3.Na3 c5 4.Nxc4 Nc6 5.g3 f6 6.Bg2 e5 7.d3 Nge7 8.O-O Nf5
9.b3 Be7 10.Bb2 O-O 11.a3 Be6 12.Rc1 Qd7 13.Re1 Rad8 14.Ncd2 Nfd4 15.Nxd4 Nxd4
16.e3 Nc6 17.Bf1 f5 18.Rc2 e4 19.Qa1 exd3 20.Rc3 Qe8 21.Rxd3 Qf7 22.Nc4 b5
23.Ne5 Nxe5 24.Bxe5 Rxd3 25.Bxd3 Bxb3 26.Bxb5 Rd8 27.Qc3 Bf8 28.Rc1 Be6 29.h4 h6
30.Bc4 Kh7 31.Bxe6 Qxe6 32.Rb1 Qc6 33.Qc4 Rd5 34.Bc3 Qd7 35.e4 fxe4 36.Qxe4+ Qf5
37.Qxf5+ Rxf5 38.Rb7  1/2-1/2

[Event "CZE-chT2 9798"]
[Site "CZE"]
[Date "1998.??.??"]
[Round "11.4"]
[White "Vodicka, Vladimir"]
[Black "Kolin, Julius"]
[Result "1-0"]
[WhiteElo "2340"]
[BlackElo "2175"]

1.Nf3 d5 2.c4 c6 3.d4 Nf6 4.Nc3 e6 5.Bg5 h6 6.Bxf6 Qxf6 7.e3 Bd6 8.Qb3 Qd8
9.Be2 Nd7 10.O-O O-O 11.Rfd1 Qe7 12.Rac1 b6 13.g3 dxc4 14.Qxc4 Bb7 15.e4 e5
16.d5 c5 17.Nb5 a6 18.Nxd6 Qxd6 19.Nh4 g6 20.a4 b5 21.axb5 axb5 22.Qxb5 Rfb8
23.Ra1 Nf6 24.Qd3 Bc8 25.Rxa8 Rxa8 26.Qc2 Bh3 27.Bf1 Bd7 28.Rc1 Rb8 29.b3 Rb4
30.Bd3 Qb6 31.Nf3 Qb8 32.Nd2 Bb5 33.Bxb5 Rxb5 34.Ra1 Nd7 35.Qa2 Qb7 36.Nc4 Rxb3
37.Na5  1-0

[Event "Dieren op"]
[Site "Dieren"]
[Date "1998.??.??"]
[Round "4"]
[White "Janssen, Ruud"]
[Black "Neverov, Valeriy"]
[Result "1-0"]
[WhiteElo "2290"]
[BlackElo "2540"]

1.Nf3 d5 2.c4 e6 3.d4 c6 4.e3 Nf6 5.Bd3 dxc4 6.Bxc4 Nbd7 7.O-O a6 8.a4 c5
9.Nc3 Bd6 10.Qe2 Qc7 11.dxc5 Qxc5 12.Rd1 O-O 13.b3 Qc7 14.Qd3 Be7 15.Bb2 Nc5
16.Qd4 b6 17.Qe5 Ra7 18.Qxc7 Rxc7 19.Ne5 Bb7 20.f3 Rfc8 21.Kf2 Ne8 22.b4 Bf6
23.Ne2 Nxa4 24.Rxa4 Bxe5 25.Bxe5 Rxc4 26.Rd4 Rc2 27.b5 axb5 28.Rab4 f6 29.Bg3 Ra8
30.Kf1 Ra1+ 31.Be1 Bd5 32.Rxb5 Nd6 33.Rxb6 Bc4 34.Rbxd6 Rxe2 35.Rd8+ Kf7
36.R8d7+ Ke8 37.Rd8+ Kf7 38.R8d7+ Kg6 39.Rg4+ Kf5 40.Rf4+  1-0